The Semantic Web: ESWC 2015 Satellite Events ESWC 2015 Satellite Events, Portorož, Slovenia, May 31 – June 4, 2015, Revised Selected Papers /

This book constitutes the thoroughly refereed post-conference proceedings of the Satellite Events of the 12th European Conference on the Semantic Web, ESWC 2015, held in Portorǒz, Slovenia, in May/June 2015. The volume contains 12 poster and 22 demonstration papers, selected from 50 submissions, as...

Full description

Bibliographic Details
Corporate Author: SpringerLink (Online service)
Other Authors: Gandon, Fabien (Editor), Guéret, Christophe (Editor), Villata, Serena (Editor), Breslin, John (Editor), Faron-Zucker, Catherine (Editor), Zimmermann, Antoine (Editor)
Format: Electronic eBook
Language:English
Published: Cham : Springer International Publishing : Imprint: Springer, 2015.
Edition:1st ed. 2015.
Series:Lecture Notes in Computer Science, 9341
Subjects:
Online Access:Full Text via HEAL-Link
LEADER 02831nam a22006015i 4500
001 978-3-319-25639-9
003 DE-He213
005 20160418141515.0
007 cr nn 008mamaa
008 151010s2015 gw | s |||| 0|eng d
020 |a 9783319256399  |9 978-3-319-25639-9 
024 7 |a 10.1007/978-3-319-25639-9  |2 doi 
040 |d GrThAP 
050 4 |a QA75.5-76.95 
072 7 |a UNH  |2 bicssc 
072 7 |a UND  |2 bicssc 
072 7 |a COM030000  |2 bisacsh 
082 0 4 |a 025.04  |2 23 
245 1 4 |a The Semantic Web: ESWC 2015 Satellite Events  |h [electronic resource] :  |b ESWC 2015 Satellite Events, Portorož, Slovenia, May 31 – June 4, 2015, Revised Selected Papers /  |c edited by Fabien Gandon, Christophe Guéret, Serena Villata, John Breslin, Catherine Faron-Zucker, Antoine Zimmermann. 
250 |a 1st ed. 2015. 
264 1 |a Cham :  |b Springer International Publishing :  |b Imprint: Springer,  |c 2015. 
300 |a XVIII, 471 p. 114 illus. in color.  |b online resource. 
336 |a text  |b txt  |2 rdacontent 
337 |a computer  |b c  |2 rdamedia 
338 |a online resource  |b cr  |2 rdacarrier 
347 |a text file  |b PDF  |2 rda 
490 1 |a Lecture Notes in Computer Science,  |x 0302-9743 ;  |v 9341 
520 |a This book constitutes the thoroughly refereed post-conference proceedings of the Satellite Events of the 12th European Conference on the Semantic Web, ESWC 2015, held in Portorǒz, Slovenia, in May/June 2015. The volume contains 12 poster and 22 demonstration papers, selected from 50 submissions, as well as 22 best workshop papers selected from 140 papers presented at the 16 workshops that took place at ESWC 2015. The papers cover various aspects of the semantic web. 
650 0 |a Computer science. 
650 0 |a Database management. 
650 0 |a Information storage and retrieval. 
650 0 |a Artificial intelligence. 
650 0 |a Text processing (Computer science). 
650 1 4 |a Computer Science. 
650 2 4 |a Information Storage and Retrieval. 
650 2 4 |a Database Management. 
650 2 4 |a Artificial Intelligence (incl. Robotics). 
650 2 4 |a Information Systems Applications (incl. Internet). 
650 2 4 |a Document Preparation and Text Processing. 
700 1 |a Gandon, Fabien.  |e editor. 
700 1 |a Guéret, Christophe.  |e editor. 
700 1 |a Villata, Serena.  |e editor. 
700 1 |a Breslin, John.  |e editor. 
700 1 |a Faron-Zucker, Catherine.  |e editor. 
700 1 |a Zimmermann, Antoine.  |e editor. 
710 2 |a SpringerLink (Online service) 
773 0 |t Springer eBooks 
776 0 8 |i Printed edition:  |z 9783319256382 
830 0 |a Lecture Notes in Computer Science,  |x 0302-9743 ;  |v 9341 
856 4 0 |u http://dx.doi.org/10.1007/978-3-319-25639-9  |z Full Text via HEAL-Link 
912 |a ZDB-2-SCS 
912 |a ZDB-2-LNC 
950 |a Computer Science (Springer-11645)